Agricultural waste (Record no. 117420)

MARC details
000 -LEADER
fixed length control field 00836cam a2200241 4500
001 - CONTROL NUMBER
control field ABS67883
008 - FIXED-LENGTH DATA ELEMENTS--GENERAL INFORMATION
fixed length control field 040601n2004 000 0 eng u
035 ## - SYSTEM CONTROL NUMBER
System control number (Sirsi) u126322
100 ## - MAIN ENTRY--PERSONAL NAME
Personal name Colyer, E.
245 ## - TITLE STATEMENT
Title Agricultural waste
260 ## - PUBLICATION, DISTRIBUTION, ETC.
Date of publication, distribution, etc. 2004
490 ## - SERIES STATEMENT
Series statement Wastes Management
Volume/sequential designation May 2004, 16-19(4)
520 ## - SUMMARY, ETC.
Summary, etc. Two articles on agricultural waste. The first, "Fluff and nonsense", describes the possible use for cotton wastage from the clothing industry. The second, "Agricultural waste: forthcoming controls", examines government proposals to tackle the issue of waste control in agriculture.
590 ## - LOCAL NOTE (RLIN)
Local note ABS
590 ## - LOCAL NOTE (RLIN)
Local note ABS
650 ## - SUBJECT ADDED ENTRY--TOPICAL TERM
Topical term or geographic name entry element TEXTILES
650 ## - SUBJECT ADDED ENTRY--TOPICAL TERM
Topical term or geographic name entry element AGRICULTURAL WASTE
650 ## - SUBJECT ADDED ENTRY--TOPICAL TERM
Topical term or geographic name entry element WASTE CONTROL
650 ## - SUBJECT ADDED ENTRY--TOPICAL TERM
Topical term or geographic name entry element LEGISLATION
690 ## - LOCAL SUBJECT ADDED ENTRY--TOPICAL TERM (OCLC, RLIN)
Topical term or geographic name as entry element WASTE MANAGEMENT
700 ## - ADDED ENTRY--PERSONAL NAME
Personal name Mitchell, D.
942 ## - ADDED ENTRY ELEMENTS (KOHA)
Suppress in OPAC 0
Holdings
Withdrawn status Lost status Source of classification or shelving scheme Damaged status Not for loan Home library Current library Shelving location Date acquired Total Checkouts Full call number Barcode Date last seen Copy number Price effective from Koha item type
    Dewey Decimal Classification     London London Journal article 01/06/2004   ABS67883 126322-1001 06/08/2019 1 06/08/2019 Journal article